[Event "the leisure version for good players over 2200"]
[Site "SchemingMind.com"]
[Date "2020.08.06"]
[Round "-"]
[White "Apocalypse"]
[Black "William Lindberg"]
[Result "1-0"]
[WhiteCountry "USA"]
[BlackCountry "USA"]
[WhiteElo "2416"]
[WhiteRD "97"]
[BlackElo "2494"]
[BlackRD "72"]
[GameID "458388"]

1. e4 e5 2. Nf3 Nc6 3. Bb5 a6 4. Bxc6 bxc6 5. O-O Nf6 6. Nxe5 Be7 7. Re1 O-O 8. d4 Re8 9. Nd2 a5 10. Nd3 d5
11. e5 Nd7 12. Nf4 Nf8 13. a4 Bf5 14. Nb3 Qd7 15. Bd2 Reb8 16. Bc3 Ne6 17. Nxe6 Qxe6 18. Nxa5 c5 19. dxc5 Bxc5 20. Nb3 Ba7
21. Bd4 c5 22. Nxc5 Bxc5 23. Bxc5 Rxb2 24. c3 Qc6 25. Bb4 Be4 26. Qc1 Rb3 27. f3 Bf5 28. Qf4 Qb6+ 29. Kh1 Qg6 30. Qd2 Bd3
31. a5 Ra6 32. f4 h5 33. Re3 Bc4 34. h3 Rb1+ 35. Rxb1 Qxb1+ 36. Qe1 Qf5 37. Qh4 Rg6 38. Kg1 Qb1+ 39. Qe1 Qf5 40. Qf2 Qb1+
41. Kh2 d4 42. Re1 Qf5 43. Qxd4 Qc2 44. Qe4 Qd2 45. Rg1 Bd5 46. c4 Bxe4 47. Bxd2 Rc6 48. Rc1 h4 49. g4 hxg3+ 50. Kxg3 Rg6+
51. Kf2 Rg2+ 52. Ke3 Bf5 53. Be1 Ra2 54. c5 Kf8 55. Bb4 Rb2 56. Rc4 Rb3+ 57. Kd2 Ke8 58. c6 Rd3+ 59. Ke2 Rd5 60. c7 Bc8
61. a6 Bxa6 62. c8=Q+ Bxc8 63. Rxc8+ Kd7 64. Rb8 Kc6 65. Ke3 g6 66. Rc8+ Kb7 67. Rf8 Rd7 68. f5 gxf5 69. h4 Kc6 70. h5 f4+
71. Ke2 f3+ 72. Kxf3 Rd3+ 73. Kg4 Rd4+ 74. Kg5 Rd3 75. h6 Rg3+ 76. Kf4 Rh3 77. Rxf7 Kd5 78. Rd7+ Ke6 79. Rd6+ Kf7 80. e6+ Kg8
81. e7 Kf7 82. Rd8 Rh4+ 83. Kg5 Re4 84. Rf8+
1-0

[Event "the leisure version for good players over 2200"]
[Site "SchemingMind.com"]
[Date "2020.08.06"]
[Round "-"]
[White "William Lindberg"]
[Black "Apocalypse"]
[Result "1/2-1/2"]
[WhiteCountry "USA"]
[BlackCountry "USA"]
[WhiteElo "2471"]
[WhiteRD "68"]
[BlackElo "2290"]
[BlackRD "98"]
[GameID "458389"]

1. e4 Nf6 2. e5 Nd5 3. c4 Nb6 4. Nf3 d6 5. exd6 exd6 6. d4 Be6 7. Nc3 Be7 8. b3 O-O 9. Bd3 Bf6 10. Bd2 Re8
11. O-O d5 12. c5 Nc8 13. h3 Ne7 14. Bg5 Ng6 15. Qd2 c6 16. Bxg6 hxg6 17. Rfe1 Nd7 18. Re2 b5 19. Bxf6 Nxf6 20. Ne5 Qc8
21. Rae1 a5 22. g4 Ra7 23. Nd3 Nh7 24. f4 Nf6 25. Qc2 b4 26. Nd1 Qc7 27. Re3 Rc8 28. N1b2 Ne4 29. Qh2 g5 30. f5 Qxh2+
31. Kxh2 Bd7 32. Nd1 f6 33. N3f2 Nxf2 34. Nxf2 Kf8 35. h4 gxh4 36. Kh3 Re8 37. Nd3 Rxe3+ 38. Rxe3 Be8 39. Nf4 Re7 40. Rxe7 Kxe7
41. Kxh4 Bf7 42. Kg3 Be8 43. Kf2 Bd7 44. Ng6+ Ke8 45. Kf3 Kf7 46. Ke2 Bc8 47. Nf4 Ke7 48. Ng6+ Kf7 49. Ke3 Bd7 50. Kd2 Bc8
51. Kc2 Ba6 52. Kd2 Bb7 53. Nf4 Bc8 54. Ng6 Bb7=
1/2-1/2

[Event "the leisure version for good players over 2200"]
[Site "SchemingMind.com"]
[Date "2020.08.18"]
[Round "-"]
[White "Apocalypse"]
[Black "frankly"]
[Result "0-1"]
[WhiteCountry "USA"]
[BlackCountry "ENG"]
[WhiteElo "2258"]
[WhiteRD "103"]
[BlackElo "2618"]
[BlackRD "69"]
[GameID "458791"]

1. e4 e5 2. Bc4 Nf6 3. d3 c6 4. Bb3 d5 5. Nf3 a5 6. a4 Bb4+ 7. c3 Bd6 8. exd5 cxd5 9. Bg5 Be6 10. O-O Nc6
11. Na3 Rc8 12. Nb5 Bb8 13. d4 e4 14. Nh4 h6 15. Bxf6 Qxf6 16. g3 O-O 17. f3 exf3 18. Qd3 Rce8 19. Ng2 Bg4 20. Ne1 Ne7
21. Nxf3 Bf5 22. Qe3 Be4 23. Nd2 Nf5 24. Nxe4 dxe4 25. Qe2 g6 26. Rfe1 Kg7
0-1

[Event "the leisure version for good players over 2200"]
[Site "SchemingMind.com"]
[Date "2020.08.18"]
[Round "-"]
[White "frankly"]
[Black "Apocalypse"]
[Result "1-0"]
[WhiteCountry "ENG"]
[BlackCountry "USA"]
[WhiteElo "2618"]
[WhiteRD "69"]
[BlackElo "2258"]
[BlackRD "103"]
[GameID "458792"]

1. e4 e5 2. Nf3 Nc6 3. Bb5 f5 4. d3 fxe4 5. dxe4 Nf6 6. O-O Bc5 7. Nc3 O-O 8. Bg5 d6 9. Nd5 Be6 10. Nxf6+ gxf6
11. Be3 Bb6 12. Bh6 Rf7 13. a4 Kh8 14. Ra3 Ne7 15. Nh4 d5 16. a5 Bc5 17. Rg3 dxe4 18. Qh5 Qd5 19. b4 Bxb4 20. c4 Qd4
21. Rd1 Qb2 22. a6 Bc5 23. axb7 Rb8 24. Kh1 Bxf2 25. Bd7 Qb6 26. c5
1-0

[Event "the leisure version for good players over 2200"]
[Site "SchemingMind.com"]
[Date "2020.08.14"]
[Round "-"]
[White "frankly"]
[Black "William Lindberg"]
[Result "1-0"]
[WhiteCountry "ENG"]
[BlackCountry "USA"]
[WhiteElo "2589"]
[WhiteRD "67"]
[BlackElo "2416"]
[BlackRD "63"]
[GameID "458795"]

1. d4 Nf6 2. c4 e6 3. Nf3 d5 4. Nc3 Bb4 5. Bg5 h6 6. Bxf6 Qxf6 7. e3 Bxc3+ 8. bxc3 O-O 9. h4 Qd8 10. g4 Nc6
11. Rc1 g6 12. Nd2 e5 13. Bg2 exd4 14. cxd4 Be6 15. h5 Nb4 16. Kf1 dxc4 17. hxg6 fxg6 18. Nxc4 Qf6 19. f4 Nd5 20. Kg1 b5
21. Bxd5 Bxd5 22. Ne5 Bxh1 23. Qb3+ Kh8 24. Kxh1 Qg7 25. Kg2 Rab8 26. g5 Rb6 27. gxh6 Qh7 28. Qc2 Qg8 29. Qxc7 g5 30. Qg7+ Qxg7
31. hxg7+ Kxg7 32. Rc7+ Kh6 33. fxg5+ Kxg5 34. Nd7 Ra8 35. Nxb6 axb6 36. Kf3 Rxa2 37. Rc6 Ra6 38. Re6 b4 39. Re5+ Kf6 40. Rb5 Ke6
41. Rxb4 Kd6 42. e4 Kc7 43. Rb1 Ra3+ 44. Kf4 Rd3 45. Ke5 Rd2 46. Kd5 Ra2 47. Ke6 Rh2 48. e5 Rh6+ 49. Kd5 Rh8 50. Rc1+ Kd7
51. e6+ Ke7 52. Rc7+ Kf6 53. Rf7+ Kg6 54. Rf1 Rh5+ 55. Kd6 Rh4 56. e7 Re4 57. d5 b5 58. Kd7 b4 59. e8=Q+ Rxe8 60. Kxe8 b3
61. d6
1-0

[Event "the leisure version for good players over 2200"]
[Site "SchemingMind.com"]
[Date "2020.08.13"]
[Round "-"]
[White "William Lindberg"]
[Black "frankly"]
[Result "0-1"]
[WhiteCountry "USA"]
[BlackCountry "ENG"]
[WhiteElo "2416"]
[WhiteRD "63"]
[BlackElo "2589"]
[BlackRD "67"]
[GameID "458796"]

1. e4 c5 2. Nf3 Nc6 3. Bb5 g6 4. O-O Bg7 5. Nc3 e5 6. d3 Nge7 7. Bc4 O-O 8. Re1 d6 9. h3 h6 10. a3 a6
11. Nd5 b5 12. Ba2 a5 13. c3 a4 14. b4 axb3 15. Bxb3 Be6 16. a4 Bxd5 17. exd5 Nb8 18. Bb2 bxa4 19. c4 Na6 20. Bxa4 Nb4
21. Bb3 Rxa1 22. Bxa1 Qb6 23. Bc3 Nf5 24. Bc2 Ra8 25. Bd2 Ra2 26. Bb1 Ra3 27. Bc1 Ra1 28. Bb2 Ra8 29. g4 Nd4 30. Bxd4 cxd4
31. Nd2 Na6 32. Ne4 Nc5 33. Nxc5 Qxc5 34. Re2 Kh7 35. Kg2 Rf8 36. Ra2 Qc7 37. Qf1 f5 38. Bc2 Qe7 39. Qe1 Rf7 40. f3 Bf6
41. Bd1 Bh4 42. Qd2 e4 43. dxe4 fxe4 44. Qxd4 exf3+ 45. Bxf3 Qe1 46. Rf2 Bxf2 47. Qxf2 Qxf2+ 48. Kxf2 Rf4 49. Ke3 Rxc4 50. g5 hxg5
51. Kd3 Rf4 52. Ke3 Kg7 53. Bg4 Kf6 54. Be6 Ke5 55. Ke2 g4 56. hxg4 Rd4 57. g5 Rxd5 58. Bf7 Kd4 59. Bxd5 Kxd5 60. Kd3 Kc5
61. Kc3 d5 62. Kd3 d4 63. Ke2 Kc4 64. Kd2 d3 65. Kd1 Kd4 66. Kd2 Ke4 67. Kd1 Ke3 68. Ke1 d2+ 69. Kd1 Kf4 70. Kxd2 Kxg5
71. Ke3 Kg4 72. Kf2 Kh3 73. Kf1 g5 74. Kf2 g4 75. Kg1 Kg3
0-1

[Event "the leisure version for good players over 2200"]
[Site "SchemingMind.com"]
[Date "2020.08.26"]
[Round "-"]
[White "Apocalypse"]
[Black "Uzi Mike"]
[Result "1/2-1/2"]
[WhiteCountry "USA"]
[BlackCountry "USA"]
[WhiteElo "2385"]
[WhiteRD "95"]
[BlackElo "2420"]
[BlackRD "75"]
[GameID "459187"]

1. e4 d5 2. exd5 Qxd5 3. Nf3 Bg4 4. Be2 Nc6 5. O-O O-O-O 6. h3 Bh5 7. Nc3 Qd7 8. b4 Nf6 9. d3 e5 10. a3 Bd6
11. Re1 Kb8 12. Ne4 Nxe4 13. dxe4 Qe8 14. Bd2 Be7 15. c3 Bxf3 16. Bxf3 Bg5 17. Re2 Qe6 18. Qc2 Bxd2 19. Rxd2 Rxd2 20. Qxd2 Rd8
21. Qa2 Qxa2 22. Rxa2 Ne7 23. Kf1 Nc8 24. Be2 Nd6 25. f3 c6 26. a4 h5 27. g3 f5 28. exf5 Nxf5 29. Kf2 h4 30. gxh4 Nxh4
31. Ra1 Ng6 32. Rg1 Nf4 33. Ke1 Rd7 34. Rg5 Re7 35. Bf1=
1/2-1/2

[Event "the leisure version for good players over 2200"]
[Site "SchemingMind.com"]
[Date "2020.08.26"]
[Round "-"]
[White "Uzi Mike"]
[Black "Apocalypse"]
[Result "0-1"]
[WhiteCountry "USA"]
[BlackCountry "USA"]
[WhiteElo "2330"]
[WhiteRD "76"]
[BlackElo "2441"]
[BlackRD "99"]
[GameID "459188"]

1. e4 c5 2. Nc3 d6 3. d4 cxd4 4. Qxd4 a6 5. Nf3 Nf6 6. Bg5 Nc6 7. Qd2 e6 8. O-O-O h6 9. Bh4 Bd7 10. Be2 Qa5
11. Bxf6 gxf6 12. Nd4 b5 13. f4 b4 14. Nb1 h5 15. a3 Rb8 16. Nb3 Qc7 17. Bxa6 e5 18. g3 Be6 19. Qe3 bxa3 20. Nxa3 Nb4
21. Be2 Nxc2 22. Nxc2 Bxb3 23. Qc3 Qb7 24. Bc4 Bxc4 25. Qxc4 Bh6 26. Qa4+ Kf8 27. Qa3 Kg7 28. Kb1 Rhc8 29. Rd5 Kg8 30. Rhd1 Bg7
31. fxe5 f5 32. Nd4 Bxe5 33. Rb5 Qxe4+ 34. Qd3 Rxb5 35. Nxb5 Qb4 36. Nd4 Rc4 37. Nb3 Kf8 38. Rd2 f4 39. Qf3 fxg3 40. hxg3 Rc8
41. Qd3 Qg4 42. Nd4 Bxg3 43. Qxg3 Qxg3
0-1

[Event "the leisure version for good players over 2200"]
[Site "SchemingMind.com"]
[Date "2020.08.26"]
[Round "-"]
[White "Uzi Mike"]
[Black "frankly"]
[Result "0-1"]
[WhiteCountry "USA"]
[BlackCountry "ENG"]
[WhiteElo "2345"]
[WhiteRD "73"]
[BlackElo "2617"]
[BlackRD "73"]
[GameID "459191"]

1. d4 Nf6 2. c4 e6 3. Nf3 d5 4. Nc3 c6 5. Bg5 h6 6. Bxf6 Qxf6 7. e3 Nd7 8. Bd3 dxc4 9. Bxc4 g6 10. O-O Bg7
11. Qe2 Qe7 12. e4 b5 13. Bd3 O-O 14. e5 Rb8 15. Rac1 c5 16. Nxb5 Bb7 17. Ne1 cxd4 18. f4 Nb6 19. Nxd4 Nd5 20. a3 Qd8
21. Rd1 Qb6 22. Bc4 Rfd8 23. Rf2 Bf8 24. Bxd5 Rxd5 25. Qe3 Bc5 26. Rfd2 a5 27. Nec2 Qxb2 28. f5 exf5 29. e6 Re8 30. exf7+ Kxf7
31. Qd3 Re4 32. Kh1 Bxd4 33. Nxd4 Rdxd4 34. Rxb2 Rxd3 35. Rxb7+ Kf6 36. Rb6+ Kg5 37. Rc1 Re2 38. Ra1 Rde3 39. Rbb1 a4 40. Rc1 h5
41. g3 Kg4 42. Rc4+ Re4 43. Rc3 g5 44. h4 gxh4 45. gxh4 f4 46. Rg1+ Kxh4
0-1

[Event "the leisure version for good players over 2200"]
[Site "SchemingMind.com"]
[Date "2020.08.26"]
[Round "-"]
[White "frankly"]
[Black "Uzi Mike"]
[Result "0-1"]
[WhiteCountry "ENG"]
[BlackCountry "USA"]
[WhiteElo "2594"]
[WhiteRD "63"]
[BlackElo "2430"]
[BlackRD "71"]
[GameID "459192"]

1. d4 Nf6 2. Nf3 g6 3. c4 c5 4. d5 b5 5. Qc2 Qa5+ 6. Nbd2 d6 7. e4 b4 8. a3 Na6 9. Bd3 Bg7 10. O-O O-O
11. Qd1 Qc7 12. h3 Bd7 13. Re1 bxa3 14. Rxa3 Nb4 15. Bb1 e5 16. Nf1 Nh5 17. Nh4 Nf4 18. g3 Nxh3+ 19. Kg2 Qc8 20. Ne3 Ng5
21. Rh1 Qe8 22. Nef5 gxf5 23. Bxg5 f6 24. Bd2 fxe4 25. f3 Nd3 26. fxe4 Nxb2 27. Qe2 Na4 28. Bc2 Nb6 29. g4 h6 30. Nf5 Bxf5
31. exf5 Kf7 32. Bxh6 Bxh6 33. Rxh6 Rh8 34. g5 Rxh6 35. gxh6 Qh8 36. Qh5+ Ke7= 37. h7 Nxc4 38. Qg6 Nxa3 39. Bd1 Rf8 40. Bh5 Nb5
41. Qh6 Nc7 42. Bg6 Nxd5 43. Qc1 Rb8 44. Qa3 Nf4+ 45. Kf3 Rb7 46. Qa2 d5 47. Qa6 Qc8 48. h8=Q Rb3+ 49. Kg4 Qxh8 50. Qxa7+ Kd6
51. Qa6+ Kc7 52. Qa7+ Kc6 53. Qa6+ Rb6
0-1

[Event "the leisure version for good players over 2200"]
[Site "SchemingMind.com"]
[Date "2020.08.26"]
[Round "-"]
[White "Uzi Mike"]
[Black "William Lindberg"]
[Result "0-1"]
[WhiteCountry "USA"]
[BlackCountry "USA"]
[WhiteElo "2366"]
[WhiteRD "75"]
[BlackElo "2454"]
[BlackRD "66"]
[GameID "459193"]

1. d4 Nf6 2. c4 e6 3. Nf3 d5 4. Nc3 c6 5. Bg5 Nbd7 6. e3 h6 7. Bxf6 Nxf6 8. Bd3 Be7 9. O-O O-O 10. c5 Nd7
11. b4 a5 12. b5 e5 13. Be2 e4 14. Nd2 f5 15. Qa4 Qc7 16. f4 g5 17. Rab1 Kh8 18. b6 Qd8 19. Nd1 Rg8 20. fxg5 Bxg5
21. g3 h5 22. Bxh5 Bh4 23. Rf4 Qg5 24. Kf1 Bxg3 25. hxg3 Qxg3 26. Bf7 Rg7 27. Be8 Nf6 28. Ke2 Nxe8 29. Nf1 Qg5 30. Ke1 Rh7
31. Qc2 Nf6 32. Rb3 Bd7 33. Rf2 Qh4 34. Kd2 Ng4 35. Re2 Qh1 36. Ng3 Qf3 37. Kc1 Qxg3 38. Qd2 a4 39. Rc3 Rh1 40. Kb2 a3+
0-1

[Event "the leisure version for good players over 2200"]
[Site "SchemingMind.com"]
[Date "2020.08.26"]
[Round "-"]
[White "William Lindberg"]
[Black "Uzi Mike"]
[Result "1/2-1/2"]
[WhiteCountry "USA"]
[BlackCountry "USA"]
[WhiteElo "2454"]
[WhiteRD "66"]
[BlackElo "2366"]
[BlackRD "75"]
[GameID "459194"]

1. e4 c5 2. Nf3 d6 3. d4 cxd4 4. Nxd4 Nf6 5. Nc3 a6 6. Be2 e5 7. Nb3 Be7 8. O-O O-O 9. Qd3 Qc7 10. Bg5 Be6
11. f4 Nc6 12. f5 Bxb3 13. axb3 Nb4 14. Qd2 d5 15. exd5 Nfxd5 16. Nxd5 Nxd5 17. Bxe7 Nxe7 18. f6 gxf6 19. Rxf6 Ng6 20. Bc4 Nf4
21. Qd6 Qxd6 22. Rxd6 Rfd8 23. Rad1 Rxd6 24. Rxd6 b5 25. Bf1 Kf8 26. g3 Ne6 27. Bd3 h6 28. Kf2 Ke7 29. Rb6 h5 30. Rc6 Ra7
31. h4 Kd7 32. Be4 f5 33. Bd5 Nc7 34. Bg2 Ne6 35. Rb6 e4 36. Bh3 Ng7 37. Rg6 Ke8 38. Bf1 Kf7 39. Rh6 Rd7 40. Rxa6 Rd2+
41. Ke3 Rxc2 42. Bxb5 Ke7 43. Bc4 Rxb2 44. Ra7+ Kf6 45. Rf7+ Kg6 46. Rf8 Rc2 47. Kd4 Ra2 48. Ke5 Ra5+ 49. Kd4 Ra7 50. Rb8 Rd7+=
1/2-1/2

[Event "the leisure version for good players over 2200"]
[Site "SchemingMind.com"]
[Date "2020.08.27"]
[Round "-"]
[White "Apocalypse"]
[Black "AussieMossie"]
[Result "0-1"]
[WhiteCountry "USA"]
[BlackCountry "AUS"]
[WhiteElo "2258"]
[WhiteRD "103"]
[BlackElo "2577"]
[BlackRD "74"]
[GameID "459218"]

1. e4 e5 2. Bc4 Nf6 3. d3 c6 4. Bb3 a5 5. a4 Bc5 6. Bg5 d6 7. Nf3 Ba7 8. Nbd2 Nbd7 9. O-O O-O 10. Bh4 Nc5
11. Bc4 h6 12. h3 Ne6 13. Kh1 Nf4 14. Bg3 N6h5 15. Bh2 Kh7 16. g4 f5 17. gxf5 g6 18. fxg6+ Nxg6 19. d4 Nhf4 20. c3 Nxh3
21. Qe1 Bg4 22. Ng1 exd4 23. cxd4 Bxd4 24. f3 Bc8 25. Ne2 Be3 26. Ra3 Bf4 27. Rb3= Bxh2 28. Kxh2 Ngf4 29. Kh1 b5 30. axb5 Ra7
31. Re3 Ng2 32. Kxg2 Rg7+ 33. Kh2 Qg5 34. Rg1 Nxg1
0-1

[Event "the leisure version for good players over 2200"]
[Site "SchemingMind.com"]
[Date "2020.08.27"]
[Round "-"]
[White "AussieMossie"]
[Black "Apocalypse"]
[Result "1-0"]
[WhiteCountry "AUS"]
[BlackCountry "USA"]
[WhiteElo "2577"]
[WhiteRD "74"]
[BlackElo "2258"]
[BlackRD "103"]
[GameID "459219"]

1. Nf3 Nf6 2. d4 d5 3. c4 e6 4. Nc3 Bb4 5. Bg5 O-O 6. e3 c5 7. cxd5 exd5 8. dxc5 Be6 9. Rc1 Nbd7 10. a3 Bxc5
11. Bd3 Rc8 12. O-O Bd6 13. Nd4 h6 14. Bh4 Re8 15. f4 Nb6 16. Nxe6 fxe6 17. Qf3 Be7 18. Qh3 Kh8 19. Bg5 d4 20. Bxh6 dxc3
21. Bg5+ Kg8 22. Bg6 cxb2 23. Rcd1 Bd6 24. Rxd6 Qe7 25. Rd2 Rc1 26. Rxb2 Rxf1+ 27. Kxf1 Rd8 28. Rb1 Rd6 29. Rc1 a6 30. Ke2 Qd7
31. Ke1 Rd2 32. Bxf6 gxf6 33. Qh7+ Qxh7 34. Bxh7+ Kxh7 35. Kxd2 Nd5 36. g4
1-0

[Event "the leisure version for good players over 2200"]
[Site "SchemingMind.com"]
[Date "2020.08.27"]
[Round "-"]
[White "Uzi Mike"]
[Black "AussieMossie"]
[Result "0-1"]
[WhiteCountry "USA"]
[BlackCountry "AUS"]
[WhiteElo "2345"]
[WhiteRD "73"]
[BlackElo "2594"]
[BlackRD "77"]
[GameID "459222"]

1. e4 c5 2. Nc3 Nc6 3. g3 g6 4. Nf3 Bg7 5. Bg2 d6 6. d3 Rb8 7. Nd5 b5 8. O-O e6 9. Ne3 Nf6 10. Ng5 O-O
11. f4 Bb7 12. Bd2 Qb6 13. c3 a5 14. Qe2 h6 15. Nh3 Rfe8 16. a4 b4 17. e5 bxc3 18. bxc3 dxe5 19. Nc4 Qc7 20. fxe5 Nd7
21. Nd6 Rf8 22. Nf2 Ba6 23. Nb5 Bxb5 24. axb5 Rxb5 25. d4 Qb6 26. Be3 cxd4 27. cxd4 Rb2 28. Qd1 Nb4 29. Bc1 Rc2 30. Rb1 Rfc8
31. Bb2 R8c4 32. Ba1 Qa7 33. Be4 Ra2 34. Rc1 Nb6 35. Ng4 Qd7 36. Ne3 Rxc1 37. Qxc1 h5 38. Nd1 Re2 39. Qf4 a4 40. Qf3 Ra2
41. Qc3 N6d5 42. Qc1 Qa7 43. Rf2 Rxf2 44. Nxf2 a3 45. h3 Qa4 46. g4 Qb3 47. gxh5 Qg3+ 48. Kf1 gxh5 49. Qc8+ Bf8
0-1

[Event "the leisure version for good players over 2200"]
[Site "SchemingMind.com"]
[Date "2020.08.27"]
[Round "-"]
[White "AussieMossie"]
[Black "Uzi Mike"]
[Result "1-0"]
[WhiteCountry "AUS"]
[BlackCountry "USA"]
[WhiteElo "2594"]
[WhiteRD "77"]
[BlackElo "2345"]
[BlackRD "73"]
[GameID "459223"]

1. e4 e5 2. Nf3 Nc6 3. Bb5 a6 4. Ba4 Nf6 5. O-O Be7 6. Re1 b5 7. Bb3 d6 8. c3 O-O 9. h3 Na5 10. Bc2 c5
11. d4 Bb7 12. d5 Nc4 13. b3 Nb6 14. a4 Bc8 15. Qe2 Bd7 16. c4 b4 17. Nh2 Ne8 18. f4 Bh4 19. Rf1 Bg3 20. a5 Nc8
21. f5 Kh8 22. Ng4 Ra7 23. Nd2 Bf4 24. Rxf4 exf4 25. Bb2 Qg5 26. Nf3 Qh5 27. Qd2 f6 28. Qxf4 Qf7 29. Nf2 Kg8 30. h4 Ne7
31. g4 h6 32. Bd3 Rb7 33. Kg2 Kh8 34. Re1 Bc8 35. Nh3 Qg8 36. g5 Qh7 37. Qg3 Qg8 38. Nf4 Rc7 39. Qg4 Ra7 40. g6 Nc7
41. Qg3 Bd7 42. Nh5 Ne8 43. Nh2 Bc8 44. Ng4 Nxg6 45. fxg6 Re7 46. Qf4 Bxg4 47. Qxg4
1-0

[Event "the leisure version for good players over 2200"]
[Site "SchemingMind.com"]
[Date "2020.08.27"]
[Round "-"]
[White "AussieMossie"]
[Black "frankly"]
[Result "1/2-1/2"]
[WhiteCountry "AUS"]
[BlackCountry "ENG"]
[WhiteElo "2553"]
[WhiteRD "68"]
[BlackElo "2589"]
[BlackRD "67"]
[GameID "459224"]

1. Nf3 d5 2. d4 Nf6 3. c4 c6 4. Nc3 e6 5. e3 Nbd7 6. Qc2 Bd6 7. Be2 O-O 8. O-O dxc4 9. Bxc4 b5 10. Be2 Bb7
11. Rd1 Qc7 12. e4 e5 13. Bg5 exd4 14. Rxd4 Ne5 15. Bxf6 gxf6 16. g3 Bc5 17. Rd2 Rad8 18. Nh4 Bc8 19. Kg2 Rxd2 20. Qxd2 Rd8
21. Qc2 b4 22. Na4 Bf8 23. Rc1 Rd4 24. Nf3 Nxf3 25. Bxf3 Qe5 26. Nc5 Qxc5 27. Qxc5 Bxc5 28. Rxc5 Rd2 29. Rxc6 Be6 30. Ra6 Rxb2
31. Rxa7 Bxa2 32. Bh5 Be6 33. Rb7 b3 34. Bd1 Kg7 35. Kf1 Kg6 36. Rb6 f5 37. e5 Kg7 38. Ke1 Kf8 39. Be2 Ke7=
1/2-1/2

[Event "the leisure version for good players over 2200"]
[Site "SchemingMind.com"]
[Date "2020.08.27"]
[Round "-"]
[White "frankly"]
[Black "AussieMossie"]
[Result "1/2-1/2"]
[WhiteCountry "ENG"]
[BlackCountry "AUS"]
[WhiteElo "2618"]
[WhiteRD "69"]
[BlackElo "2577"]
[BlackRD "74"]
[GameID "459225"]

1. e4 e5 2. Nf3 Nc6 3. Bb5 a6 4. Ba4 Nf6 5. O-O Be7 6. Re1 b5 7. Bb3 d6 8. c3 O-O 9. h3 Na5 10. Bc2 c5
11. d4 Qc7 12. Nbd2 cxd4 13. cxd4 Nc6 14. a3 exd4 15. Nb3 d3 16. Bxd3 Ne5 17. Bf4 Nxd3 18. Qxd3 Re8 19. Rac1 Qd7 20. Nfd4 Bb7
21. f3 Nh5 22. Be3 g6 23. Qd2 Rac8 24. Ne2 d5 25. e5 Rc4 26. Na5 Rxc1 27. Rxc1 Bf8 28. f4 Ba8 29. Nd4 Ng3 30. Qc2 b4
31. a4 Ne4 32. Nab3 Bb7 33. Qc7 Qxc7 34. Rxc7 Re7 35. Rc1 Re8 36. Rc7 Re7 37. Rc2 Re8 38. Na5 Ba8 39. Nab3 Bb7 40. Na5 Ba8
41. Kf1 Nc5 42. Ne2 Ne6 43. Nd4 Nc5 44. Ne2 Nxa4 45. Bd4 Be7 46. g4 Kf8 47. Rc1 Bd8 48. Nc6 Bb6 49. Bxb6 Nxb6 50. Nxb4 d4
51. Kf2 a5 52. Nd3 Rd8 53. Rc7 Bd5 54. Nc5 d3 55. Nxd3 Bc4 56. Ndc1 Rd2 57. b3 Bxe2 58. Nxe2 Rb2 59. Rb7 Rxb3 60. f5 gxf5
61. gxf5 Rb4 62. f6 Nc4 63. Rd7 Ke8 64. Re7+ Kf8 65. Rd7 Ke8 66. Re7+=
1/2-1/2

[Event "the leisure version for good players over 2200"]
[Site "SchemingMind.com"]
[Date "2020.08.23"]
[Round "-"]
[White "AussieMossie"]
[Black "William Lindberg"]
[Result "1/2-1/2"]
[WhiteCountry "AUS"]
[BlackCountry "USA"]
[WhiteElo "2553"]
[WhiteRD "68"]
[BlackElo "2416"]
[BlackRD "63"]
[GameID "459226"]

1. Nf3 d5 2. d4 Nf6 3. c4 e6 4. Nc3 Bb4 5. e3 O-O 6. a3 Bxc3+ 7. bxc3 c5 8. Be2 Qc7 9. cxd5 exd5 10. dxc5 Be6
11. O-O Nbd7 12. c6 Qxc6 13. Bb2 Qb6 14. Qc1 Rac8 15. a4 Bg4 16. a5 Qc7 17. Qc2 Bxf3 18. gxf3 Rfe8 19. c4 dxc4 20. Rfc1 Qd6
21. Bxc4 Ne5 22. Bxe5 Qxe5 23. Qb3 Qg5+ 24. Kf1 Rc7 25. Be2 Rec8 26. Rxc7 Rxc7 27. Rd1 g6 28. Qb4 Qc5 29. Qxc5 Rxc5 30. Rb1 Rc7
31. Bd3 Kf8 32. f4 Ke7 33. h4 Ke6 34. Ke2 Nd5 35. Kf3 f5 36. h5 Rc3 37. hxg6 hxg6 38. Ke2 Rc7 39. Kd2 Kd6 40. Bc2 Kc5
41. Ba4 Re7 42. Rb5+ Kc4 43. Rb2 Nf6 44. Bb5+ Kc5 45. Bd3 Rd7 46. Kc2 a6 47. Bf1 Ne4 48. Kc1 Rd6 49. Rxb7 Nxf2 50. Kc2 Ng4
51. Rb3 Nf2 52. Be2 Ne4 53. Rd3 Re6 54. Rb3 Ng3 55. Kd1 Ne4 56. Kc2 Rd6 57. Rd3 Kb4 58. Rxd6 Nxd6 59. Bxa6 Kxa5 60. Bf1=
1/2-1/2

[Event "the leisure version for good players over 2200"]
[Site "SchemingMind.com"]
[Date "2020.08.22"]
[Round "-"]
[White "William Lindberg"]
[Black "AussieMossie"]
[Result "0-1"]
[WhiteCountry "USA"]
[BlackCountry "AUS"]
[WhiteElo "2416"]
[WhiteRD "63"]
[BlackElo "2553"]
[BlackRD "68"]
[GameID "459227"]

1. c4 e5 2. Nc3 Nf6 3. e3 Nc6 4. Nf3 Bb4 5. Qc2 O-O 6. Nd5 Be7 7. Bd3 g6 8. a3 a5 9. O-O Re8 10. Nc3 Bf8
11. Be2 d5 12. Nxd5 Nxd5 13. cxd5 Qxd5 14. Bc4 Qd6 15. Ng5 Nd8 16. b3 Qe7 17. f4 exf4 18. exf4 Bg7 19. Bb2 Bf5 20. Qc1 Qd6
21. a4 Re7 22. Bxg7 Kxg7 23. Qc3+ f6 24. Rae1 Nc6 25. Rxe7+ Qxe7 26. Nf3 Rd8 27. Re1 Qc5+ 28. Qe3 Qd6 29. h3 Bd7 30. Kf2 Re8
31. Qd3 Qxd3 32. Bxd3 Rxe1 33. Nxe1 Nd4 34. Bc4 h5 35. Ke3 Nf5+ 36. Kd3 g5 37. fxg5 fxg5 38. Kc3 Kf6 39. Bd5 Nd6 40. Nd3 b6
41. Bf3 h4 42. Nf2 Bc8 43. Nd3= c5 44. Bd5 Bf5 45. Ne1 Ne4+ 46. Kd3 Ke5 47. Ba8 Kf4 48. Ke2 Be6 49. Nd3+ Kf5 50. Ke3 Nd6
51. Nc1 c4 52. bxc4 Nxc4+ 53. Ke2 Nb2 54. Bc6 Ke5 55. Kf2 Bd5 56. Bb5 Nc4 57. Ke2 Na3 58. Bd3 Bxg2 59. Ba6 Bxh3 60. Nd3+ Kf6
61. Nf2 Bd7 62. Ne4+ Kf5 63. Nc3 Ke5 64. Bb7 g4 65. Kd1 g3 66. Ke1 b5 67. Ne2 Nc2+ 68. Kf1 bxa4 69. Nc1 Bf5 70. Na2 a3
71. Nc1 h3 72. Ke2 Kf4 73. Kf1 Nd4 74. Bd5 Be4 75. Ne2+ Nxe2 76. Kxe2 Bxd5
0-1

[Event "the leisure version for good players over 2200"]
[Site "SchemingMind.com"]
[Date "2020.08.28"]
[Round "-"]
[White "AussieMossie"]
[Black "DHall"]
[Result "1-0"]
[WhiteCountry "AUS"]
[BlackCountry "ENG"]
[WhiteElo "2576"]
[WhiteRD "69"]
[BlackElo "2243"]
[BlackRD "71"]
[GameID "459426"]

1. e4 d5 2. exd5 Qxd5 3. Nc3 Qd6 4. d4 Nf6 5. Nf3 c6 6. g3 Bf5 7. Bg2 e6 8. Nh4 Be7 9. Bf4 Qd7 10. Nxf5 exf5
11. Qe2 O-O 12. O-O-O Bd6 13. Bg5 Re8 14. Qd3 Ng4 15. Qd2 h6 16. Bh4 Be7 17. Bxe7
1-0

[Event "the leisure version for good players over 2200"]
[Site "SchemingMind.com"]
[Date "2020.08.28"]
[Round "-"]
[White "DHall"]
[Black "AussieMossie"]
[Result "0-1"]
[WhiteCountry "ENG"]
[BlackCountry "AUS"]
[WhiteElo "2243"]
[WhiteRD "71"]
[BlackElo "2576"]
[BlackRD "69"]
[GameID "459427"]

1. e4 e5 2. Nf3 Nc6 3. Bb5 a6 4. Ba4 Nf6 5. O-O Be7 6. Re1 b5 7. Bb3 d6 8. c3 O-O 9. h3 Na5 10. Bc2 c5
11. d4 Qc7 12. Nbd2 cxd4 13. cxd4 Nc6 14. Nb3 a5 15. Be3 a4 16. Nbd2 Bd7 17. Rc1 Qb7 18. Nf1 Rfc8
0-1

[Event "the leisure version for good players over 2200"]
[Site "SchemingMind.com"]
[Date "2020.08.28"]
[Round "-"]
[White "frankly"]
[Black "DHall"]
[Result "1-0"]
[WhiteCountry "ENG"]
[BlackCountry "ENG"]
[WhiteElo "2598"]
[WhiteRD "66"]
[BlackElo "2243"]
[BlackRD "71"]
[GameID "459428"]

1. d4 d5 2. c4 c6 3. Nf3 Nf6 4. Nc3 e6 5. Bg5 h6 6. Bh4 dxc4 7. e4 g5 8. Bg3 b5 9. Be2 Bb7 10. h4 g4
11. Ne5 Nbd7 12. Nxd7 Qxd7 13. Be5 Qd8 14. a4 b4 15. Nb1 c5 16. Nd2
1-0